| 000 | 00677cab a2200205 4500 | ||
|---|---|---|---|
| 001 | WB2708-10 | ||
| 008 | 090401t1991 xxu||||| |||| 00| 0 eng d | ||
| 035 | _a(Sirsi) u14217 | ||
| 041 | _aeng | ||
| 245 | _aGarages threat to shops | ||
| 260 | _c1991 | ||
| 350 | _a0 | ||
| 490 |
_aWestern Mail _v18/2/91 p13 |
||
| 520 | _aPetrol forecourt shops are seen as a serious threat to corner shops according to data collected by Corporate Intelligence . The number of petrol stations linked to superstores is also increasing rapidly. | ||
| 650 | _aCONVENIENCE SHOPPING | ||
| 650 | _aRETAIL SECTOR | ||
| 690 | _aPROPERTY-COMMERCIAL PROPERTY | ||
| 942 | _n0 | ||
| 948 | _c04/03/1997 | ||
| 999 |
_c9236 _d9236 |
||